<?xml version="1.0" encoding="UTF-8"?><?xml-stylesheet type="text/xsl" href="static/style.xsl"?><OAI-PMH xmlns="http://www.openarchives.org/OAI/2.0/" xmlns:xsi="http://www.w3.org/2001/XMLSchema-instance" xsi:schemaLocation="http://www.openarchives.org/OAI/2.0/ http://www.openarchives.org/OAI/2.0/OAI-PMH.xsd"><responseDate>2026-04-13T01:21:24Z</responseDate><request verb="GetRecord" identifier="oai:www.recercat.cat:2445/18651" metadataPrefix="marc">https://recercat.cat/oai/request</request><GetRecord><record><header><identifier>oai:recercat.cat:2445/18651</identifier><datestamp>2025-12-05T16:27:34Z</datestamp><setSpec>com_2072_1057</setSpec><setSpec>col_2072_478917</setSpec><setSpec>col_2072_478921</setSpec></header><metadata><record xmlns="http://www.loc.gov/MARC21/slim" xmlns:dcterms="http://purl.org/dc/terms/" xmlns:xsi="http://www.w3.org/2001/XMLSchema-instance" xmlns:doc="http://www.lyncode.com/xoai" xsi:schemaLocation="http://www.loc.gov/MARC21/slim http://www.loc.gov/standards/marcxml/schema/MARC21slim.xsd">
   <leader>00925njm 22002777a 4500</leader>
   <datafield ind2=" " ind1=" " tag="042">
      <subfield code="a">dc</subfield>
   </datafield>
   <datafield ind2=" " ind1=" " tag="720">
      <subfield code="a">Mitchell, S .A.</subfield>
      <subfield code="e">author</subfield>
   </datafield>
   <datafield ind2=" " ind1=" " tag="720">
      <subfield code="a">Grove, J.</subfield>
      <subfield code="e">author</subfield>
   </datafield>
   <datafield ind2=" " ind1=" " tag="720">
      <subfield code="a">Spurkland, A.</subfield>
      <subfield code="e">author</subfield>
   </datafield>
   <datafield ind2=" " ind1=" " tag="720">
      <subfield code="a">Boberg, Kirsten M.</subfield>
      <subfield code="e">author</subfield>
   </datafield>
   <datafield ind2=" " ind1=" " tag="720">
      <subfield code="a">Fleming, K. A.</subfield>
      <subfield code="e">author</subfield>
   </datafield>
   <datafield ind2=" " ind1=" " tag="720">
      <subfield code="a">Day, Christopher P.</subfield>
      <subfield code="e">author</subfield>
   </datafield>
   <datafield ind2=" " ind1=" " tag="720">
      <subfield code="a">Schrumpf, E.</subfield>
      <subfield code="e">author</subfield>
   </datafield>
   <datafield ind2=" " ind1=" " tag="720">
      <subfield code="a">Chapman, Roger W.</subfield>
      <subfield code="e">author</subfield>
   </datafield>
   <datafield ind2=" " ind1=" " tag="720">
      <subfield code="a">Parés Darnaculleta, Albert</subfield>
      <subfield code="e">author</subfield>
   </datafield>
   <datafield ind2=" " ind1=" " tag="720">
      <subfield code="a">Caballeria Rovira, Joan</subfield>
      <subfield code="e">author</subfield>
   </datafield>
   <datafield ind2=" " ind1=" " tag="720">
      <subfield code="a">Rodés, J.</subfield>
      <subfield code="e">author</subfield>
   </datafield>
   <datafield ind2=" " ind1=" " tag="260">
      <subfield code="c">2011-07-07T12:30:22Z</subfield>
   </datafield>
   <datafield ind2=" " ind1=" " tag="260">
      <subfield code="c">2011-07-07T12:30:22Z</subfield>
   </datafield>
   <datafield ind2=" " ind1=" " tag="260">
      <subfield code="c">2001</subfield>
   </datafield>
   <datafield ind2=" " ind1=" " tag="520">
      <subfield code="a">BACKGROUND AND AIMS Primary sclerosing cholangitis (PSC) is a chronic cholestatic liver disease of unknown aetiology. Abnormalities in immune regulation and genetic associations suggest that PSC is an immune mediated disease. Several polymorphisms within the tumour necrosis factor α (TNF-α) and interleukin 10 (IL-10) promoter genes have been described which influence expression of these cytokines. This study examines the possible association between polymorphisms at the −308 and −627 positions in the TNF-α and IL-10 promoter genes, respectively, and susceptibility to PSC.&#xd;
&#xd;
METHODS TNF-α −308 genotypes were studied by polymerase chain reaction (PCR) in 160 PSC patients from Norway and the UK compared with 145 ethnically matched controls. IL-10 −627 genotypes were studied by PCR in 90 PSC patients compared with 84 ethnically matched controls.&#xd;
&#xd;
RESULTS A total of 16% of Norwegian PSC patients and 12% of British PSC patients were homozygous for the TNF2 allele compared with 3% and 6% of respective controls. The TNF2 allele was present in 60% of PSC patients versus 30% of controls (ORcombined data=3.2 (95% confidence intervals (CI) 1.8–4.5); pcorr=10−5). The association between the TNF2 allele and susceptibility to PSC was independent of the presence of concurrent inflammatory bowel disease (IBD) in the PSC patients; 61% of PSC patients without IBD had TNF2 compared with 30% of controls (ORcombined data=3.2 (95% CI 1.2–9.0); pcorr=0.006 ). There was no difference in the −627 IL-10 polymorphism distributions between patients and controls in either population. The increase in TNF2 allele in PSC patients only occurs in the presence of DRB1*0301 (DR3) and B8. In the combined population data, DRB1*0301 showed a stronger association with susceptibility to PSC than both the TNF2 and B8 alleles (ORcombined data=3.8, pcorr=10−6 v ORcombined data=3.2, pcorr=10−5 vORcombined data =3.41, pcorr=10−4, respectively).&#xd;
&#xd;
CONCLUSIONS This study identified a significant association between possession of the TNF2 allele, a G→A substitution at position −308 in the TNF-α promoter, and susceptibility to PSC. This association was secondary to the association of PSC with the A1-B8-DRB1*0301-DQA1*0501-DQB1*0201 haplotype. No association was found between the IL-10 −627 promoter polymorphism and PSC.</subfield>
   </datafield>
   <datafield tag="653" ind2=" " ind1=" ">
      <subfield code="a">Genètica mèdica</subfield>
   </datafield>
   <datafield tag="653" ind2=" " ind1=" ">
      <subfield code="a">Colèdoc</subfield>
   </datafield>
   <datafield tag="653" ind2=" " ind1=" ">
      <subfield code="a">Cèl·lules canceroses</subfield>
   </datafield>
   <datafield tag="653" ind2=" " ind1=" ">
      <subfield code="a">Necrosi</subfield>
   </datafield>
   <datafield tag="653" ind2=" " ind1=" ">
      <subfield code="a">Citoquines</subfield>
   </datafield>
   <datafield tag="653" ind2=" " ind1=" ">
      <subfield code="a">Medical genetics</subfield>
   </datafield>
   <datafield tag="653" ind2=" " ind1=" ">
      <subfield code="a">Coledocus</subfield>
   </datafield>
   <datafield tag="653" ind2=" " ind1=" ">
      <subfield code="a">Cancer cells</subfield>
   </datafield>
   <datafield tag="653" ind2=" " ind1=" ">
      <subfield code="a">Necrosis</subfield>
   </datafield>
   <datafield tag="653" ind2=" " ind1=" ">
      <subfield code="a">Cytokines</subfield>
   </datafield>
   <datafield ind2="0" ind1="0" tag="245">
      <subfield code="a">Association of the tumour necrosis factor alpha -308 but not the interleukin 10 -627 promoter polymorphism with genetic susceptibility to primary sclerosing cholangitis</subfield>
   </datafield>
</record></metadata></record></GetRecord></OAI-PMH>